000 00761nam a2200253Ia 4500
003 GCL
008 140319s9999 xx 000 0 ara d
040 _aGCL /
_cGCL
082 0 4 _a255
_bم ج
100 1 _aمحمد ابوزهرة
245 1 0 _aالجريمة والعقوبة فى الفقة الاسلامى : الجريمة /
_cمحمد ابوزهرة
300 _a478 ص
490 _a
650 0 4 _aالاجتهاد
650 0 4 _aالقصاص
650 0 4 _aالقياس
650 0 4 _aالفقه الاسلامى
650 0 4 _aالجريمة
650 0 4 _aالعقوبات
650 0 4 _aالجنايات (فقة اسلامى)
650 0 4 _aالحدود (الشريعة الاسلامية)
650 0 4 _aالشهادات
942 _2ddc
_cBK
999 _c39680
_d39680